ბათუმის შოთა რუსთაველის სახელმწიფო უნივერსიტეტის ბიბლიოთეკა

ავტომატური მუხრუჭები : (ბიბ.ჩანაწერი № 39238)

000 -ლიდერი
ფიქსირებული სიგრძის საკონტროლო ველი 00890nam a2200217Ia 4500
001 - საკონტროლო ნომერი
საკონტროლო ველი 5824
003 - საკონტროლო ნომრის იდენტიფიკატორი
საკონტროლო ველი GE_BSU
005 - ბოლო ოპერაციის თარიღი და დრო
საკონტროლო ველი 20190504231859.0
008 - ფიქსირებული სიგრძის მონაცემთა ელემენტები - ზოგადი ინფორმაცია
ფიქსირებული სიგრძის საკონტროლო ველი 181216s1968||||ge |||||||||||||| ||geo||
040 ## - კატალოგიზაციის წყარო
Transcribing agency GE_BSU
041 ## - ენის კოდი
Language code of text/sound track or separate title geo
080 ## - უნივერსალური ათობითი კლასიფიკაციის ინდექსი
Universal Decimal Classification number 62-59(075) ლ-46
100 ## - მთავარი ჩანაწერი - პიროვნების სახელი
Personal name ლეჟავა, ბ.
9 (RLIN) 715
245 ## - ცნობა სათაურის შესახებ
Title ავტომატური მუხრუჭები :
Remainder of title სახელმძღვ. /
Statement of responsibility, etc ბ. ლეჟავა, ვ. მარტოლეკი ; რედ. ზ. ჯიბლაძე.
264 ## - წარმოების, გამოცემის, დისტრიბუციის და სხვა ცნობები
გამოცემის, წარმოების, დისტრიბუციის... ადგილი თბილისი :
გამოცემის, წარმოების, დისტრიბუციის... სახელწოდება განათლება,
გამოცემის, წარმოების, დისტრიბუციის... თარიღი 1968.
300 ## - ფიზიკური აღწერა
Extent 322 გვ. :
Other physical details ილ. ;
Dimensions 22 სმ.
653 ## - INDEX TERM--UNCONTROLLED
Uncontrolled term ავტომატური მუხრუჭები
700 ## - ADDED ENTRY--PERSONAL NAME
Personal name მარტოლეკი, ვ.
Relator term ავტორი
9 (RLIN) 716
700 ## - ADDED ENTRY--PERSONAL NAME
Personal name ჯიბლაძე, ზ.
Relator term რედაქტორი
9 (RLIN) 717
942 ## - ADDED ENTRY ELEMENTS (KOHA)
Koha item type წიგნი
Source of classification or shelving scheme
ეგზემპლარები
ჩამოწერის სტატუსი დაკარგული ეგზემპლარის სტატუსი კლასიფიკაციის წყარო ან თაროზე გაწყობის სქემა დაზიანების სტატუსი არ გაიცემა მუდმივი მდებარეობა (დაცვის ადგილი) ამჟამინდელი ადგილსამყოფელი თაროზე განთავსების ადგილი შეძენის თარიღი ღირებულება, შესყიდვის ნორმალური ფასი სრული შენახვის შიფრი შტრიხკოდი ბოლო ოპერაციის თარიღი ეგზემპლარის მიმდევრობითი ნომერი (კეტერი?) ფასის ძალაში შესვლის თარიღი ეგზემპლარის სახეობა საჯარო შენიშვნა
          ტექნოლოგიური ფაკულტეტის ბიბლიოთეკა ტექნოლოგიური ფაკულტეტის ბიბლიოთეკა წიგნსაცავი 2018-12-17 2.04 62-59(075) ლ-46 11687 2018-12-17 11687 2018-12-17 წიგნი 2.04 ლ.
          ტექნოლოგიური ფაკულტეტის ბიბლიოთეკა ტექნოლოგიური ფაკულტეტის ბიბლიოთეკა წიგნსაცავი 2018-12-17 2.04 62-59(075) ლ-46 11688 2018-12-17 11688 2018-12-17 წიგნი 2.04 ლ.
          ტექნოლოგიური ფაკულტეტის ბიბლიოთეკა ტექნოლოგიური ფაკულტეტის ბიბლიოთეკა წიგნსაცავი 2018-12-17 2.04 62-59(075) ლ-46 11689 2018-12-17 11689 2018-12-17 წიგნი 2.04 ლ.
          ტექნოლოგიური ფაკულტეტის ბიბლიოთეკა ტექნოლოგიური ფაკულტეტის ბიბლიოთეკა წიგნსაცავი 2018-12-17 2.04 62-59(075) ლ-46 11690 2018-12-17 11690 2018-12-17 წიგნი 2.04 ლ.
          ტექნოლოგიური ფაკულტეტის ბიბლიოთეკა ტექნოლოგიური ფაკულტეტის ბიბლიოთეკა წიგნსაცავი 2018-12-17 2.04 62-59(075) ლ-46 11691 2018-12-17 11691 2018-12-17 წიგნი 2.04 ლ.